000 00329nam a2200133Ia 4500
008 240624s9999 xx 000 0 und d
041 _aeng
082 _a200 SHA
100 _aSHANKAR SRI SRI RAVI
245 _aGOD LOVES FUN
260 _c2006
_aMumbai
_bJaico Publishing House
300 _a104 : p. : cm. ; 21
365 _cRS
_b20
999 _c4448
_d4448